Tratado de Derecho de Sucesiones
Uloženo v:
| Hlavní autor: | |
|---|---|
| Médium: | Kniha |
| Jazyk: | španělština |
| Vydáno: |
Lima
Gaceta Jurídica S. A
2012
|
| Vydání: | 7a. ed |
| Témata: | |
| Tagy: |
Přidat tag
Žádné tagy, Buďte první, kdo vytvoří štítek k tomuto záznamu!
|
MARC
| LEADER | 00000cam a2200000 a 4500 | ||
|---|---|---|---|
| 001 | UCD1511 | ||
| 003 | CL-VaPUC | ||
| 008 | 160310e20120000pe |||||||||||||||||spa|d | ||
| 020 | |a 9786124113567 | ||
| 082 | 0 | 4 | |a 346.8505 |b FER |2 21 |
| 100 | 0 | |a Ferrero Costa, Augusto |e author |9 584606 | |
| 245 | 1 | 0 | |a Tratado de Derecho de Sucesiones |
| 250 | |a 7a. ed | ||
| 300 | |a 893 p | ||
| 942 | |c BK | ||
| 945 | |d 20160310 23:10:00 |a dcastane | ||
| 260 | |a Lima |b Gaceta Jurídica S. A |c 2012 | ||
| 650 | 0 | |a Derecho sucesorio |9 255015 | |
| 650 | 0 | |a Testamento |9 258220 | |
| 650 | 0 | |a Herencia |9 256325 | |
| 583 | |a last modification |c 20160705 04:07:21 |k Rodrigo Vera | ||
| 999 | |c 362811 |d 362809 | ||
| 952 | |0 0 |1 0 |3 erd |4 0 |6 346_850500000000000_FER_2012 |7 0 |8 A |9 474324 |a BIBDER |b BIBDER |i 5266726 |o 346.8505 FER 2012 |p 5266726 |r 2023-01-25 |w 2019-11-24 |y BK |z Catalogado en:20160310 |k DER | ||